书目信息 |
| 题名: |
社会网络环境下用户参与的图书馆数字信息资源建设模式研究
|
|
| 作者: | 刘磊 著 | |
| 分册: | ||
| 出版信息: | 北京 中国社会科学出版社 2016 |
|
| 页数: | 386页 | |
| 开本: | 24cm | |
| 丛书名: | ||
| 单 册: | ||
| 中图分类: | G250.7 | |
| 科图分类: | ||
| 主题词: | 图书馆--数字信息--信息资源--研究 | |
| 电子资源: | ||
| ISBN: | 978-7-5161-7952-9 | |
| 000 | 01017nam0 2200229 450 | |
| 001 | 3017 | |
| 005 | 20161207150048.87 | |
| 010 | @a978-7-5161-7952-9@dCNY89.00 | |
| 100 | @a20160613d2016 emky0chiy50 ea | |
| 101 | 0 | @achi |
| 102 | @aCN@b110000 | |
| 105 | @ay z 000yy | |
| 200 | 1 | @a社会网络环境下用户参与的图书馆数字信息资源建设模式研究@9she hui wang luo huan jing xia yong hu can yu de tu shu guan shu zi xin xi zi yuan jian she mo shi yan jiu@f刘磊等著 |
| 210 | @a北京@c中国社会科学出版社@d2016 | |
| 215 | @a386页@d24cm | |
| 300 | @a国家社会科学基金项目研究成果 南京农业大学中央高校基本科研业务费人文社科基金 专著出版资助项目 | |
| 330 | @a本书将社会网络理论和数字信息资源建设理论相结合,根据用户需求及馆员、专家的调查数据,探讨了社会网络环境下用户需求与其参与的图书馆数字信息资源建设模式之间的内在联系。 | |
| 606 | 0 | @a图书馆@x数字信息@x信息资源@x研究 |
| 690 | @aG250.7@v5 | |
| 701 | 0 | @a刘磊@9liu lei@c(信息管理)@4著 |
| 801 | 0 | @aCN@b大连网信软件有限公司图书馆·11@c20161207 |
| 905 | @aZUCC@dG250.7@e146 | |
| 社会网络环境下用户参与的图书馆数字信息资源建设模式研究/刘磊等著.-北京:中国社会科学出版社,2016 |
| 386页;24cm |
| 国家社会科学基金项目研究成果 南京农业大学中央高校基本科研业务费人文社科基金 专著出版资助项目 |
| ISBN 978-7-5161-7952-9:CNY89.00 |
| 本书将社会网络理论和数字信息资源建设理论相结合,根据用户需求及馆员、专家的调查数据,探讨了社会网络环境下用户需求与其参与的图书馆数字信息资源建设模式之间的内在联系。 |
| ● |
| 相关链接 |
|
|
|
|
正题名:社会网络环境下用户参与的图书馆数字信息资源建设模式研究
索取号:G250.7/146
 
预约/预借
| 序号 | 登录号 | 条形码 | 馆藏地/架位号 | 状态 | 备注 |
| 1 | 912514 | 209125141 | 第一样本阅览室/ [索取号:G250.7/146] | 在馆 | |
| 2 | 912515 | 209125150 | 第四借阅区/ [索取号:G250.7/146] | 在馆 | |
| 3 | 912516 | 209125169 | 第四借阅区/ [索取号:G250.7/146] | 在馆 | |
| 4 | 912517 | 209125178 | 第四借阅区/ [索取号:G250.7/146] | 在馆 |